[Event "Bern op"]
[Site "Bern"]
[Date "1992.??.??"]
[Round "2"]
[White "Contin, Daniel"]
[Black "Kharlov, Andrei"]
[Result "0-1"]
[WhiteElo "2335"]
[BlackElo "2545"]
[Annotator "Ribli,Z"]
[PlyCount "108"]
[EventDate "1992.02.??"]
[EventType "swiss"]
[EventRounds "9"]
[EventCountry "SUI"]
[SourceTitle "CBM 028"]
[Source "ChessBase"]
[SourceDate "1992.06.01"]
[SourceVersion "1"]
[SourceVersionDate "1992.06.01"]
[SourceQuality "1"]

1. c4 e5 2. Nc3 Nf6 3. Nf3 Nc6 4. g3 d5 5. cxd5 Nxd5 6. Bg2 Nb6 7. a3 Be7 8. b4
O-O 9. O-O Be6 10. Rb1 f6 11. d3 a5 (11... Nd4 12. Nxd4 $5 (12. Nd2 $5) 12...
exd4 13. Ne4 Bd5 14. Bb2 f5 15. Nd2 Bxg2 16. Kxg2 Bf6 17. Qb3+ Kh8 18. Nf3 $14
{Sunye Neto,J-El Taher,F Manila izt CBM/19}) (11... Qd7 12. Ne4 Nd5 13. Bb2 $1
Rad8 14. Qc2 Bh3 15. Nc5 Bxc5 16. Qxc5 Bxg2 17. Kxg2 Kh8 18. h3 Qe8 19. b5 Nce7
20. Qxa7 Qxb5 21. Ba1 $16 {Hjartarson,J-Oll,L EUCup (Honved-Bayern) 1991 CBM/26
}) 12. b5 (12. bxa5 $1 Rxa5 13. Nb5 Qd7 14. Be3 Nd5 15. Bd2 Ra6 16. Qc2 Nb6 (
16... Nd8 17. e4 Rc6 18. Qd1 Nb6 19. Be3 Nf7 20. d4 Ba2 21. Rb2 Bc4 22. Re1 Rd8
23. d5 $14 {Serper,G-Mainka,R Vienna op 1991 EXP/25}) 17. Be3 Bxa3 18. Nxa3
Rxa3 19. Bxb6 cxb6 20. Rxb6 Rfa8 21. Rfb1 Ra2 22. Qd1 R8a7 23. Nd2 $14 {
Csom,I-Mainka,R Budapest Noviki-A 1990 CBM/19}) 12... Nd4 13. Nxd4 $6 (13. Nd2
Bd5 $1 14. Nxd5 Nxd5 15. Bxd5+ Qxd5 16. a4 Bb4 $1 $13 {Ftacnik,L-Torre,E
Bacalod 1991 EXP/23 51/40}) 13... exd4 14. Na4 Bd5 $10 15. Bh3 Qe8 16. e4 dxe3
17. Bxe3 Nxa4 18. Qxa4 Qh5 19. Bg4 Qg6 20. Rbc1 Bd6 21. Qd1 Qf7 22. Bc5 Rfd8
23. Re1 b6 24. Bxd6 Rxd6 25. Re3 f5 26. Bh5 g6 27. Bf3 Rad8 28. Bxd5 Rxd5 29.
Qe2 R8d7 30. Rc6 f4 $1 31. Re8+ Kg7 32. Rce6 Rxb5 33. h4 (33. R8e7 Rxe7 34.
Rxe7 Rb1+ 35. Kg2 f3+ $19) 33... fxg3 34. fxg3 Qf5 35. R6e7+ Rxe7 36. Rxe7+ Kf6
37. Re8 (37. Rxc7 Re5 38. Qf2 $10) 37... Qd7 $1 38. Kh2 h5 39. Qf2+ Rf5 40.
Qb2+ Kf7 41. Rh8 Ke6 42. Qe2+ Kd6 43. Qe4 Qe7 44. Rh6 Qxe4 45. dxe4 Rf6 46. g4
Ke5 47. gxh5 gxh5 48. Rxh5+ Kxe4 49. Rh7 c5 50. Kg3 c4 51. Rc7 Kd3 52. Kg4 c3
53. Kg5 Rf1 54. Rd7+ Kc4 0-1

[Event "Candidates qf2"]
[Site "Antwerp"]
[Date "1989.02.03"]
[Round "3"]
[White "Portisch, Lajos"]
[Black "Timman, Jan H"]
[Result "1-0"]
[WhiteElo "2610"]
[BlackElo "2610"]
[Annotator "Ribli,Z"]
[PlyCount "69"]
[EventDate "1989.01.??"]
[EventType "match"]
[EventRounds "6"]
[EventCountry "BEL"]
[SourceTitle "Candidates"]
[Source "ChessBase"]
[SourceDate "1999.07.01"]
[SourceVersion "2"]
[SourceVersionDate "1999.07.01"]
[SourceQuality "1"]

1. c4 e5 2. Nc3 Nf6 3. g3 d5 4. cxd5 Nxd5 5. Bg2 Nb6 6. Nf3 Nc6 7. O-O Be7 8.
a3 O-O 9. b4 Be6 10. Rb1 f6 11. Ne4 Ba2 12. Rb2 Bd5 13. Nc5 Rb8 $6 (13... Nc4
$1 14. Rb1 b6 15. Na4 Nd4 $10 {Adorjan,A-Huebner,R/Linares/1985/}) (13... e4 $1
{Seirawan} 14. Ne1 Nc4 $5 (14... Bxc5 $6 15. bxc5 Nd7 16. Rxb7 Nxc5 17. Rb5 Nd4
18. Rxc5 Bb3 19. Nc2 Nxc2 20. Bxe4 Nd4 21. Qe1 Re8 $13) 15. Rb1 Bxc5 16. bxc5
b6) 14. e4 Bf7 15. d3 Nd7 $5 (15... Nd4 $5 16. Nxd4 Qxd4 17. Rc2 Bxc5 18. Rxc5
Qd7 $10) 16. Nb3 $1 a5 $1 17. b5 Na7 $5 (17... Nd4 $6 18. Nfxd4 exd4 19. Rb1) (
17... Bxa3 $5 18. Ra2 $1 Bxc1 19. bxc6 bxc6 20. Nxc1 Bxa2 21. Nxa2) 18. a4 Ba3
19. Rb1 Bxc1 20. Rxc1 c6 $1 21. bxc6 bxc6 $6 (21... Nxc6 $5 22. d4 {22.Bh3!?}
exd4 23. Nfxd4 Nxd4 24. Nxd4 Ne5 {24...Nb6(!)} 25. f4 Nc4 $13) 22. Nfd2 Rb4 {
>= 22...c5! /\ Na7-c6-d4} 23. Bh3 Nb6 $2 24. Nc5 $1 Qe7 25. Qc2 Nc4 $4 {
>= 25...Rfd8} 26. Ndb3 $1 Na3 27. Qc3 $1 Rfb8 28. Nd2 $1 Rb2 29. Qxa3 Rxd2 30.
Rb1 $1 Qd6 31. Qc3 Ra2 32. Qxa5 Nb5 33. Qb4 Rc2 34. Na6 c5 35. Qa5 1-0

[Event "Moscow Aeroflot op-A"]
[Site "Moscow"]
[Date "2005.02.17"]
[Round "3"]
[White "Mamedyarov, Shakhriyar"]
[Black "Karjakin, Sergey"]
[Result "1-0"]
[WhiteElo "2657"]
[BlackElo "2599"]
[Annotator "Ribli,Z"]
[PlyCount "75"]
[EventDate "2005.02.15"]
[EventType "swiss"]
[EventRounds "9"]
[EventCountry "RUS"]
[SourceTitle "CBM 106"]
[Source "ChessBase"]
[SourceDate "2005.06.06"]
[SourceVersion "1"]
[SourceVersionDate "2005.06.06"]
[SourceQuality "1"]

1. c4 e5 2. Nc3 Nf6 3. Nf3 Nc6 4. g3 d5 5. cxd5 Nxd5 6. Bg2 Nb6 7. O-O Be7 8.
d3 {Statt dieser Fortsetzung sind die Alternativen 8.a3, oder 8.Rb1 populärer.}
O-O 9. Be3 (9. a3) 9... Bg4 10. Rc1 {Diese klassische Figurenentwicklung wird
heutzutage selten gespielt. Weiß hat die Möglichkeit, aktives Figurenspiel am
Damenflügel zu entfalten, während Schwarz das Zentrumsfeld d4 kontrolliert und
Gegenchancen am Königsflügel besitzt.} Kh8 (10... Re8 11. Re1 Rb8 $1 12. a3 Bf8
13. Ne4 (13. b4 $5) 13... Nd4 14. Nc5 $1 (14. Nxd4 exd4 15. Bf4 Nd5 $15) 14...
Nxf3+ 15. exf3 Bh5 $1 16. g4 $6 (16. d4) 16... Bg6 17. f4 exf4 18. Bxf4 Qd4 $1
19. Ne4 Nd5 20. Bxc7 Nxc7 21. Rxc7 Qxb2 $15 {Morchiashvili,B-Gagunashvili,M/
Georgia (ch) 2004}) 11. Na4 Nd7 $146 {Eine theoretische Neuerung, die mir
nicht gefällt; Schwarz verteidigt zwar das Feld c5, aber dieser Springerzug
scheint mir etwas passiv. Die Alternativen 11...Nd5 und 11...e4!? kommen stark
in Betracht.} (11... Nd5 12. Bc5 f6 13. Re1 (13. h3 $5) 13... b6 14. Bxe7 Ncxe7
15. Nc3 c5 16. Nxd5 Nxd5 {0-1 Vilela,J-Romanishin,O/Polanica Zdroj 1980/MCD 
(53)}) (11... e4 $5 {Das ist ein bekanntes Motiv in dieser Variante - 12.
dxe4?? verliert eine Figur nach 12...Qxd1.} 12. Nxb6 axb6 (12... exf3 13. exf3
axb6 (13... Bxf3 14. Bxf3 axb6 15. a3 $14) 14. fxg4 Rxa2 15. Qb3 $16) 13. dxe4
Qxd1 14. Rfxd1 Rxa2 15. Nd4 Rxb2 (15... Bc5) 16. Nxc6 bxc6 17. Rxc6 Bxe2 18.
Rdc1 Bd6 19. Bd4 Rb5 20. Re1 Bd3 21. e5 Bc5 $11 {1/2-1/2 Piven,I-Cebalo,M/Biel
1993/TD (40)}) 12. a3 {[%cal Gb2b4][%mdl 4] Mit diesem Zug leitet Weiß sein
aktives Spiel am Damenfügel ein.} f5 (12... a5 13. d4 exd4 (13... Bxf3 14. Bxf3
Nxd4 15. Bxb7 $14) 14. Nxd4 Nxd4 15. Bxd4 c6 16. Qc2 $14) 13. b4 Bd6 (13... f4
14. Bc5 $14) 14. b5 Ne7 (14... Na5 $6 15. Bg5 (15. Bd2 a6 16. Bxa5 axb5 17.
Bxc7 Bxc7 18. Nc3 Bd6 19. Nxb5 Bxa3 20. Nxa3 Rxa3 21. Qd2 $14) 15... Nf6 (15...
Qe8 16. Bd2 a6 17. Bxa5 axb5 18. Bxc7 Bxc7 19. Rxc7 $14) 16. Nc5 $14) 15. Nc5
$14 Nxc5 16. Bxc5 Qd7 17. Qb3 f4 $2 {[%csl Ye4] Ein positioneller Fehler. Nach
diesem Zug vergibt Schwarz die Möglichkeit von e5-e4.} (17... e4 $142 18. Bxd6
(18. dxe4 fxe4 19. Ng5) 18... exf3 19. exf3 cxd6 20. fxg4 fxg4 21. Rce1 $14)
18. Rc2 {[%cal Gf1c1,Gc1c7]} Rac8 {Schwarz verfügt über keine Drohungen am
Königsflügel, sondern ist zur Verteidigung seiner Stellung gezwungen.} 19. Rfc1
Be6 20. Qb4 {[%csl Gb4,Gc1,Gc2,Gc5][%cal Gb4f8,Rf3e5,Gc1c8] Weiß übt
positionellen Druck am Damenflügel aus; es droht jetzt 21.Nxe5.} fxg3 (20... b6
21. Bxd6 cxd6 22. Rxc8 Rxc8 23. Rxc8+ Nxc8 24. gxf4 $18) 21. hxg3 b6 {Dieser
Zug schwächt das Feld c6, aber Schwarz hat keine sinnvollen Alternativen, da
Weiß 22.Nxe5 droht.} 22. Bxd6 cxd6 (22... Qxd6 $2 23. Rxc7 $18) 23. Rxc8 Rxc8
24. Rxc8+ Nxc8 25. d4 $1 $16 {[%csl Yc6,Re5][%mdl 32] Nach dieser
Vereinfachung behält Weiß ein aktiveres Figurenspiel, und kann im weiteren
Verlauf das Feld c6 besetzen.} exd4 (25... e4 $2 26. Ng5 $16 {[%csl Re4] Jetzt
26...d5 geht nicht wegen 27.Qf8#.}) (25... Kg8 26. dxe5 dxe5 27. Nxe5 Qd1+ 28.
Bf1 $16 (28. Kh2 Qxe2 29. Qd4 Qh5+ 30. Kg1 Qe8 31. Bd5 $16)) 26. Nxd4 {[%csl
Gb4,Yc6,Gd4,Gg2] Das Feld c6 ist ein großes positionelles Loch in der schwarze
Stellung.} Bg8 27. Nc6 {[%csl Gc6]} h6 (27... Qe6 28. Qf4 $16 (28. e3 $16)
28... Qxe2 $2 29. Qf8 $18) 28. Qf4 $1 {[%csl Gc6,Rc8,Gf4,Gg2,Rg8][%cal Rf4f8]
Gegen die drohende Eindringung der weißen Dame auf f8 besitzt Schwarz keine
Verteidigung. Weiterhin stehen alle weißen Figuren aktiver, als die
gegnerischen.} Ne7 (28... Qe8 29. Bh3 $18) 29. Qf8 Ng6 30. Qb8 {[%csl Ra7] Der
Zielpunkt des weißen Spiels ist jetzt der Pa7.} Qe6 31. Bf3 (31. e3) 31... Ne5
32. Nxe5 dxe5 33. Bc6 $1 (33. Qxa7 $6 e4 34. Bg2 e3 $132) 33... Qc4 {Das
schwarze Gegenspiel kommt zu spät.} (33... e4 34. Qxa7 e3 35. Qxb6 $18) 34.
Qxa7 Qxe2 35. Qxb6 $18 {[%csl Ga3,Gb5][%cal Gb6f2]} Bc4 36. Qc5 e4 (36... Qf1+
37. Kh2 $18) 37. b6 Qd1+ 38. Kh2 (38. Kh2 e3 39. b7 $18) 1-0

[Event "Biel"]
[Site "Biel"]
[Date "1994.??.??"]
[Round "3"]
[White "Gavrikov, Viktor"]
[Black "Brunner, Lucas"]
[Result "1-0"]
[WhiteElo "2600"]
[BlackElo "2525"]
[Annotator "Ribli,Z"]
[PlyCount "111"]
[EventDate "1994.07.??"]
[EventType "tourn"]
[EventRounds "11"]
[EventCountry "SUI"]
[EventCategory "10"]
[SourceTitle "CBM 043"]
[Source "ChessBase"]
[SourceDate "1994.12.01"]
[SourceVersion "1"]
[SourceVersionDate "1994.12.01"]
[SourceQuality "1"]

1. c4 {Ftacnik} e5 2. g3 Nf6 3. Bg2 d5 4. cxd5 Nxd5 5. Nc3 Nb6 6. d3 Be7 7. a3
a5 8. Be3 O-O 9. Rc1 f5 10. Nf3 Nc6 11. O-O {-> A29} Be6 (11... Kh8 12. Na4
Nxa4 (12... Bf6 13. Nd2 Nxa4 14. Qxa4 Bd7 15. Qc2 a4 16. b4 axb3 17. Nxb3 Be7
18. Nc5 $14 {Makarov,M-Semeniuk,A/RSFSR-ch/1990/CBM21/}) 13. Qxa4 Bf6 14. b4
$14 {Foisor,O-Habibi,A/Zweisimmen/1993/EXP36/}) 12. Bxb6 $5 (12. Na4 Nxa4 13.
Qxa4 Bf6 (13... Bd5 {Ftacnik}) 14. Nd2 Bd5 15. Qb5 $14 {Johansen,D-Solomon,S/
Sydney Mercantile/1991/CBM23/}) 12... cxb6 13. e3 $5 (13. Qa4 Bc5 14. Rfd1 Nd4
$10 {Bischoff,K-Brunner,L/BL9394/}) 13... Bf6 (13... Bc5 14. Nxe5 $1 Nxe5 15.
d4 $14) 14. Re1 Rf7 15. d4 Rd7 16. Qc2 e4 (16... exd4 17. exd4 Bf7 18. Qxf5 $14
) 17. Nd2 Ne7 18. Nb5 $1 Nd5 19. Nb1 $1 h5 (19... a4 20. Bf1 $14) 20. N1c3 Ne7
(20... Rc8 21. Qe2 $14) 21. Qe2 g6 (21... h4 $1 {Ftacnik} 22. f3 $16) 22. Bh3 (
22. f3 $5) 22... Bf7 (22... Rc8 $2 23. Nxe4 $18) 23. f3 exf3 24. Qxf3 Nc6 25.
Bg2 Bg7 26. h3 Qg5 27. Qf4 Qf6 (27... Qxf4 28. gxf4 $14) 28. Rf1 Qe7 (28... Kh7
$6 {Ftacnik} 29. Ne4 fxe4 (29... Qe7 30. Ng5+ $18) 30. Qxf6 Bxf6 31. Rxf6 $18)
29. Na4 Kh7 (29... Qd8 {Ftacnik} 30. Bxc6 bxc6 31. Rxc6 $16) 30. Rfe1 Bh6 31.
Qf2 Re8 32. Nxb6 Rdd8 (32... Bxe3 33. Rxe3 Qxe3 34. Qxe3 Rxe3 35. Nxd7 $18) 33.
Rc3 Nxd4 (33... h4 {Ftacnik} 34. gxh4 f4 35. e4 $18) 34. Nc7 $1 (34. Rc7 Nxb5
$1 35. Rxe7 Rxe7 $14) 34... Nc6 (34... Rf8 35. exd4 $18) 35. Nxe8 Rxe8 36. Kh1
Bg7 37. Rd3 Ne5 38. Rd2 Qc7 (38... Qc5 39. Nd7 Nxd7 40. Rxd7 $16) 39. Nd5 Qc5
40. Nf4 Qc7 41. e4 $1 fxe4 42. Bxe4 Kh8 (42... Nc4 {Ftacnik} 43. Rde2 Re5 $16)
43. Qg2 b5 44. Bd5 $1 Kh7 45. Rde2 h4 46. gxh4 Rf8 47. h5 Bxd5 (47... gxh5 48.
Rxe5 Bxe5 49. Qe4+ Kh6 (49... Kh8 {Ftacnik} 50. Qxe5+ $18) 50. Qxe5 $18) 48.
Nxd5 Qd6 49. hxg6+ Kg8 (49... Qxg6 50. Rxe5 $18 (50. Rxe5 {Ftacnik} Bxe5 51.
Qxg6+ Kxg6 52. Rxe5 $18)) (49... Nxg6 {Ftacnik} 50. Re6 $18) 50. Re3 Rf5 51.
Nc3 Bh6 52. Rd1 Qf6 53. Nd5 Qe6 54. Rc3 Rg5 55. Nf4 $1 Rxg2 56. Rd8+ (56. Rd8+
{Ftacnik} Bf8 (56... Kg7 57. Nxe6+ Kf6 58. Kxg2 Kxe6 59. Rb8 $18) 57. Nxe6 Rf2
58. g7 $18) 1-0

[Event "Bundesliga 0203"]
[Site "Germany"]
[Date "2003.01.12"]
[Round "9.3"]
[White "Markowski, Tomasz"]
[Black "Huebner, Robert"]
[Result "1/2-1/2"]
[WhiteElo "2549"]
[BlackElo "2640"]
[Annotator "Ribli,Z"]
[PlyCount "59"]
[EventDate "2002.10.19"]
[EventType "team-tourn"]
[EventRounds "15"]
[EventCountry "GER"]
[SourceTitle "CBM 093"]
[Source "ChessBase"]
[SourceDate "2003.04.01"]
[SourceVersion "1"]
[SourceVersionDate "2003.04.01"]
[SourceQuality "1"]
[WhiteTeam "Plauen"]
[BlackTeam "Baden Oos"]
[WhiteTeamCountry "GER"]
[BlackTeamCountry "GER"]

1. g3 {Der polnische Großmeister beginnt seine Partien praktisch immer mit
diesem genügsamem Zug.} e5 2. c4 {Nach 2.Bg2 kann Schwarz sich mit 2...d5 das
Übergewicht im Zentrum verschaffen.} Nf6 3. Bg2 d5 4. cxd5 Nxd5 5. Nf3 Nc6 6.
O-O Nb6 7. Nc3 Be7 8. d3 O-O {Wir haben eigentlich eine Stellung vor uns, die
aus der Drachenvariante der Sizilianischen Verteidigung entsteht, aber mit
umgekehrten Farben. Gewöhnlich greift Weiß am Damenflügel an (mit der
Unterstützung des g2-Läufers), dafür erhält Schwarz Chancen im Zentrum und am
Königsflügel.} 9. a3 Re8 {Großmeister Huebner spielt gerne diese Variante mit
beiden Farben. Die Idee des Turmzugs ist, dass nach 10...Bf8 der Turm aktiv
ins Spiel kommt.} 10. b4 Bf8 {Gewöhnlich spielt man zuerst 11.Bb2 und nach 11..
.a5 12.b5 Nd4 13.Nd2 haben wir die Partiestellung.} (10... a5 11. b5 Nd4 12.
Nxd4 exd4 13. Na4 Nxa4 14. Qxa4 Bc5 15. Re1 Bb6 16. Bf4 h6 17. Rac1 Re7 18. h4
Qe8 19. Bf3 Rb8 20. Rc2 Bd7 21. Rb1 {1/2-1/2 Markowski,T-Zelcic,R/Leon 2001/
CBM 86 (54)}) 11. Nd2 a5 12. b5 Nd4 13. Bb2 (13. e3 Ne6 14. Nf3 Ng5 15. Nxg5
Qxg5 16. Bb2 Qd8 17. Rc1 a4 18. Qh5 Bd6 19. Ne4 Qe7 20. d4 Nd7 21. Rfd1 h6 22.
Nxd6 cxd6 23. dxe5 Nxe5 24. h3 Be6 25. b6 Nc4 $4 26. Rxc4 {1-0 Markowski,
T-Wojtkiewicz,A/Zakopane 2000/CBM 78 ext (26)} (26. Rxc4 Bxc4 27. Qg4 $18 {
[%cal Rg4c4,Rg4g7]})) 13... c6 {Zu dieser Fortsetzung gibt es einige
alternative Spielweisen. Diese sind 13...Bd7, 13...Rb8 und hauptsächlich 13...
a4. Mit dem Textzug möchte Schwarz sich vom weißen positionellen Druck am
Damenflügel befreien.} 14. bxc6 Nxc6 15. Nb5 {[%csl Gb5] Mit diesem
Springerzug kontrolliert Weiß das wichtige Zentrumsfeld d4 und die Dame von d8
kann nicht weg ziehen wegen Nc7.} (15. Rb1 Be6 16. Re1 a4 17. Nb5 Qd7 18. Ba1
Na5 19. Nc4 Naxc4 20. dxc4 Rad8 21. Qxd7 Rxd7 22. Nc3 Nxc4 23. Nxa4 Nxa3 24.
Rxb7 Nc2 {1/2-1/2 Hardicsay,P-Caruana,F/Budapest HUN 2003/(48)}) 15... a4 {
Wieder ein typisches Motiv - Schwarz gewinnt Raum am Damenflügel und in
einigen Stellungen kann er Ra8-Ra5 ziehen.} 16. Rb1 Be6 $5 {Interessanterweise
hat Großmeister Huebner dieselbe Stellung schon mal auf dem Brett gehabt, aber
mit Weiß! Dort zog sein Gegner 16....Bg4, aber der Läufer steht nicht wirklich
gut auf g4, so dass Schwarz später (in der Partie Huebner-Ruck/Leipzig 2002)
Bg4-Be6 ziehen musste.} (16... Bg4 17. Re1 Qd7 18. Ba1 Be6 19. Qc2 Rec8 20. Qb2
f6 21. d4 Nb4 $2 (21... exd4 $5 22. Nxd4 Nxd4 23. Qxd4 Qxd4 24. Bxd4 Nc4 25.
Nxc4 Rxc4 26. Bxb7 Re8 $13) (21... Rd8 $5) 22. dxe5 $1 Rc2 23. Qd4 Rxd2 24.
Qxb6 {1-0 Huebner,R-Ruck,R/Leipzig 2002/CBM 89/[Ribli] (41)}) 17. Ba1 {[%cal
Gb1b7] Weiß erhöht den Wirkungskreis des Rb1, aber der Textzug hat auch seine
Nachteile - der Pa3 wird weniger verteidigt, was später ein wichtiger Faktor
werden kann.} (17. e3 Ba2 $6 (17... Qd7 $5) 18. Rc1 Bd5 19. Nf3 e4 20. Nfd4
Nxd4 21. Bxd4 (21. Nxd4 exd3 $10) 21... Bc6 22. Rb1 Nd7 23. dxe4 $6 (23. Bxe4
$1 Bxe4 24. dxe4 Nc5 25. Bxc5 Bxc5 26. Qc2 $14) 23... Ra5 $2 (23... Nc5 $8 24.
Bxc5 Bxc5 25. Qc2 b6 $44) 24. Na7 $1 Rxa7 25. Bxa7 {1-0 Petursson,M-Fernandez
Garcia,J/Novi Sad 1990/TD/[Petursson] (41)}) 17... Qd7 (17... Ba2 18. Rc1 (18.
Rb2 $6 Bd5 $15) 18... Bd5 $11) 18. Qc2 Rec8 $11 {[%cal Gc8c2] Schwarz hat eine
bequeme Stellung - sein Pa4 blockiert den weißen Damenflügel. Andererseits hat
Weiß auch seine Chancen - der Bg2 und der Nb5 stehen aktiv.} (18... Rac8) 19.
Qb2 f6 {[%mdl 32] Ein logischer Zug - Schwarz verteidigt nochmals den
e5-Bauern, um ein für alle mal den Wirkungskreis der Batterie Ba1-Qb2 zu
neutralisieren.} (19... Bh3 20. Rfc1 Bxg2 21. Kxg2 f6 $11) 20. d4 {Weiß öffnet
die Stellung, was zu taktischen Komplikationen führt. Dadurch erhalten wir
praktisch dieselbe Stellung, wie in der Partie Huebner-Ruck/Leipzig 2002 
(siehe Anmerkung 16...Bg4). Der einzige Unterschied ist der, dass Weiß dort
den Turm statt f1 auf e1 postiert hatte.} (20. Rfd1 Na5 $15 {[%cal Ga5b3]}) (
20. Rfc1 $5) 20... Rd8 (20... Nc4 21. Nxc4 Bxc4 22. dxe5 fxe5 23. Rfd1 Qe6 $11)
(20... Nb4 $5) 21. Rfd1 {[%cal Gd1d7]} Na5 {[%csl Yc4][%cal Ga5c4][%mdl 2048]
Der Springer zielt nach c4.} (21... exd4 $5 22. Bxc6 bxc6 23. Nxd4 Nc4 24. Nxc4
Bxc4 $15) 22. dxe5 Nbc4 $15 23. Qd4 (23. Nxc4 $2 Qxd1+ 24. Rxd1 Rxd1+ 25. Bf1
Nxc4 $19) 23... Nxe5 (23... Nxa3 $5 24. Qxd7 (24. Nxa3 Qxd4 25. Bxd4 Rxd4 26.
Nb5 Rd7 $17) 24... Rxd7 25. Nxa3 Bxa3 $17) 24. Qxd7 Rxd7 25. Bxe5 (25. Nf3 $5
Nxf3+ 26. Bxf3 Rad8 27. e3 $11) 25... fxe5 26. Nf3 Rxd1+ 27. Rxd1 Bb3 28. Nxe5
(28. Rd7 Rc8) 28... Bxd1 {Dieser Zug führt nur zum Remis. Ich glaube, mit 28...
Bxa3 konnte Schwarz weiter auf Gewinn spielen.} (28... Bxa3 $5 29. Bd5+ (29.
Nxa3 $2 Bxd1 30. Bd5+ Kf8 $19) 29... Bxd5 30. Nxa3 Bb3 31. Rd7 Nc6 32. Nxc6
bxc6 33. e4 (33. Rc7 Rd8 $17 {[%cal Rd8d1,Rd1a1,Rd1g1]}) 33... Rc8 $15) 29.
Bd5+ $11 Kh8 30. Nf7+ {Und Remis durch ewiges Schach.} 1/2-1/2

[Event "PCA-Wch Candidates m3"]
[Site "New York"]
[Date "1994.??.??"]
[Round "2"]
[White "Gulko, Boris F"]
[Black "Short, Nigel D"]
[Result "1-0"]
[WhiteElo "2615"]
[BlackElo "2655"]
[Annotator "Ribli,Z"]
[PlyCount "47"]
[EventDate "1994.06.??"]
[EventType "match"]
[EventRounds "8"]
[EventCountry "USA"]
[SourceTitle "CBM 042"]
[Source "ChessBase"]
[SourceDate "1994.10.01"]
[SourceVersion "1"]
[SourceVersionDate "1994.10.01"]
[SourceQuality "1"]

1. c4 {Kortschnoj Ftacnik} e5 2. Nc3 Nf6 3. Nf3 Nc6 4. g3 d5 5. cxd5 Nxd5 6.
Bg2 Nb6 7. O-O Be7 8. a3 O-O 9. b4 Re8 10. d3 Bf8 11. Bb2 a5 (11... Bg4 12. Rc1
Nd4 $6 13. Nxd4 exd4 14. Ne4 c6 15. h3 Be6 16. Nc5 $14 {Blatny,P-Schlosser,P/
Brno/1993/CBM37/}) 12. b5 Nd4 13. Nd2 a4 (13... c6 14. bxc6 Nxc6 15. Rb1 a4 16.
Kh1 $1 Be6 17. f4 $14 {Sandler,L-Sarno,S/Geneve 1992/}) 14. e3 Ne6 15. Nf3 $1
Nc5 (15... f6 16. Qc2 $1 Nc5 17. d4 $14 {Azmayparashvili,Z-Novak,I/Haifa op/
1989/}) 16. Nxe5 Rxe5 (16... f6 {Ftacnik} 17. Nc4 (17. d4 $5 Nb3 18. Nxa4 Nxa1
19. Nxb6 cxb6 20. Nc4 Qc7 21. Qd3 Ra4 22. Rc1 $44) 17... Qxd3 (17... Nxd3 $2
18. Nxb6 cxb6 19. Bd5+ $18) 18. Nxb6 cxb6 19. Nd5 Qxb5 20. Bxf6 $1 gxf6 21. Nc7
Qd7 22. Nxa8 $18) (16... Nb3 {Ftacnik} 17. Nxa4 $1 Nxa4 (17... Nxa1 {Kortschnoj
} 18. Nxb6 cxb6 19. Qxa1 $146) 18. Qxb3 $18) 17. d4 Rg5 $2 (17... Re8 18. dxc5
Qxd1 (18... Bxc5 19. Qc2 $16) (18... Nc4 19. c6 $1 Qxd1 20. Rfxd1 $1 Nxb2 21.
Rdb1 Nc4 22. cxb7 Bxb7 23. Bxb7 Ra7 24. Bc6 Rb8 25. Ra2 Nxa3 26. Rba1 $16) 19.
Rfxd1 $14 {Uhlmann,W-Kozul,Z/Novi Sad ol/1990/} (19. Rfxd1 {Ftacnik} Bxc5 20.
Rac1 $6 (20. Rdc1 Bf8 21. Ne2 Bd6 22. Bd4 Ra5 $14) 20... Nc4 $1 21. Ba1 Bxa3
22. Rc2 $6 Nb6 $17 {Uhlmann,W-Kozul,Z/Novi Sad olm/1990/0-1 (35)})) (17... Nc4
$2 {Ftacnik} 18. dxe5 Qxd1 19. Nxd1 $18) 18. dxc5 (18. h4 $5 {Huebner}) 18...
Qxd1 19. Raxd1 $1 Rxc5 (19... Nc4 {Ftacnik} 20. Ne4 $1 Nxb2 21. Nxg5 Nxd1 22.
Rxd1 h6 23. Nf3 Bxc5 24. Rd8+ Kh7 25. Bh3 $18) (19... Bxc5 $2 {Ftacnik} 20. Ne4
$18) 20. Rd8 f6 (20... Nc4 21. Nd5 $1 Rxd5 22. Bxd5 Nxb2 23. Rc1 Be6 24. Rxa8
Bxd5 25. Rxc7 $18 (25. Rxc7 {Ftacnik} b6 26. Rb8 $18)) (20... Bd7 $5 {Ftacnik}
21. Rxa8 Nxa8 22. Bxb7 Nb6 23. Rd1 (23. Ba6 c6 24. bxc6 Bxc6 25. Rd1 Be7 $14)
23... Bxb5 24. Rd8 c6 25. Rb8 Nc4 26. Ne4 Rd5 27. Bd4 $16) 21. Rfd1 Kf7 (21...
Nc4 22. R1d5 $1 $18 (22. Bd5+ $1 {Ftacnik} Rxd5 23. Nxd5 Nxb2 24. Rc1 Be6 25.
Rxa8 Bxd5 26. Rxc7 Be6 27. Re7 $18)) (21... Bg4 {Ftacnik} 22. Rxa8 Bxd1 23. Rb8
$16) 22. R1d4 Ke7 (22... Nc4 23. Ne4 (23. Rxc4 {Ftacnik} Rxc4 24. Bd5+ Ke7 25.
Rxc8 Rxc8 26. Bxc4 $18) 23... Nxb2 (23... Rxb5 24. Rxc4 Rxb2 25. Rxc7+ $18) 24.
Rxf8+ Kxf8 25. Nxc5 $18) (22... Be7 {Ftacnik} 23. Rh8 h6 24. h4 $16) 23. h4 Nc4
$2 (23... Ra7 $142 $1 $13 {/\Bc8-d7 Huebner}) (23... Rc4 {Ftacnik}) 24. R8d5 (
24. R8d5 $1 {Ftacnik} Nxb2 25. Rxc5 $18) 1-0